Normal view MARC view
  • Sohaib Hassan Khan

Entry Personal Name

Number of records used in: 1

001 - CONTROL NUMBER

  • control field: 84057

003 - CONTROL NUMBER IDENTIFIER

  • control field: NUST

005 - DATE AND TIME OF LATEST TRANSACTION

  • control field: 20211113105845.0

008 - FIXED-LENGTH DATA ELEMENTS

  • fixed length control field: 211113|| aca||aabn | a|a d

040 ## - CATALOGING SOURCE

  • Original cataloging agency: NUST
  • Transcribing agency: NUST

100 ## - HEADING--PERSONAL NAME

  • Personal name: Sohaib Hassan Khan

670 ## - SOURCE DATA FOUND

  • Source citation: Work cat.: (NUST): Sohaib Hassan Khan , TH-SOF-1902-A Parametric Study of the Aerodynamic Characteristics of a Centrifugal Fan with Splitter Vanes, 2021.
© 2023 Central Library, National University of Sciences and Technology. All Rights Reserved.